| 000 | 01374nam a22002417a 4500 | ||
|---|---|---|---|
| 999 |
_c158429 _d158429 |
||
| 005 | 20181029123212.0 | ||
| 010 | _aENG-124392-95 | ||
| 020 |
_c10500.00 (Set of 4 vols.) _a9789386515612 (ISBN for complete set) |
||
| 035 | _aEN-107924-27 | ||
| 037 | _bDBAD/PUB | ||
| 082 | _a346.54066 | ||
| 100 | _aBhandari, M C | ||
| 245 |
_aGuide to company law procedures: _cby M C Bhandari; gen.ed. by Savithri Parekh; spc.ed.by Aditya Vikram Bhat....[et..all.] _bprocedures, rules, compliances and governance under the companies act, 2013 / |
||
| 250 | _a24th ed. | ||
| 260 |
_aGurgaon _bLexis Nexis _c2018 |
||
| 270 |
_a14th floor,Building No-10, Tower-B,DLF Cyber City Phase-11 _bGurgaon _e122002 |
||
| 300 |
_a4 vols. (xlv, various paging: cxvii, various paging; xcvi, various paging; xliii, various paging) _c25cm(Hb) _bill. |
||
| 500 | _aIt includes subject index | ||
| 505 | _avol. 1 - Procedures under the Companies Act, 2013 and Regulations issued by SEBI, RBI and other regulatory bodies vol. 2 - Company Resolutions, Agenda and Meetings, Notices and Minutes vol. 3 - Rules under the Companies Act, 2013, E-form, Returns, Applications and Petitions vol. 3 - Company Procedures, Agreements, Deeds, and Documentation with Practice Notes | ||
| 700 | _a Parekh, Savithri | ||
| 700 | _a Bhat, Aditya Vikram | ||
| 942 |
_2ddc _cEN _mBHA _h346.54066 |
||